| 000 | 00920cam a2200241u 4500 | ||
|---|---|---|---|
| 001 | 0000003792 | ||
| 005 | 20170406115316.0 | ||
| 008 | 860530s1965 xx 000 0 enm | ||
| 010 | _ar 66001801 | ||
| 035 | _9(DLC)r 66001801 | ||
| 040 |
_aDLC _cCarP _dDLC |
||
| 100 | 1 | _aSir Gawain. | |
| 130 | 0 |
_aSir Gawain and the Green Knight. _kSelections. |
|
| 245 | 1 | 5 |
_a the Green Knight. _h[Sound recording] |
| 260 |
_aLONDON : _bClarendon pres. [1965] |
||
| 500 | _aRead in Middle English by Marie Borroff and J. B. Bessinger, Jr. | ||
| 500 | _aProgram notes by narrators on slipcase. | ||
| 500 | _aText (p. [3]-13) edited by Sir Israel Gollancz and E. V. Gordon with modern English translation by M. Borroff inserted in slipcase. | ||
| 500 | _aWith: Pearl (Middle English poem) Dialogues from Pearl. | ||
| 700 | 1 | _aBorroff, Marie. | |
| 700 | 1 | _aBessinger, J. B. [from old catalog] | |
| 908 | _a140711 | ||
| 999 |
_c3647 _d3647 |
||